000 00732nam a2200241Ii 4500
003 JO-AjNU
005 20240115114321.0
008 230606s9999||||xx |||||||||||||| ||und||
020 _a0-321-60110-6
040 _aJO-AjNU
_beng
_erda
_cJO-AjNU
041 _aeng
050 1 4 _aQA76.9.D26.C66.2010
100 3 _aBegg,Carolyne/Connolly,Thomas m,
_eauthor
_92828
245 0 0 _aDatabase systems:Apratcical A pporach to design ,implementation ,and management
250 _a5 ed
264 3 1 _aPearson Education International :new york,2010
300 _a1292p
336 _atext
_btxt
_2rdacontent
337 _aunmediated
_bn
_2rdamedia
338 _avolume
_bnc
_2rdacarrier
650 4 _aData base systems
_92829
942 _2lcc
_cBK
999 _c1482
_d1482